000 00486nam a2200157Ia 4500
008 151021s9999 xx 000 0 und d
020 _a72515481
050 _aHD4928 .N62U637 2003
245 _a_Employee benefits A primer for human resource professionals Joseph j.Martocchio
260 _aNew york McGraw- Hill 2003
300 _axiv,402p.;ill
500 _aIncludes index
500 _aIncludes index
650 _a_Employee benefits
980 _a^d20150709 04:16:10^oanne
999 _c15200
_d15200